Manchas en el silencio
Saved in:
| Hovedforfatter: | |
|---|---|
| Format: | Bog |
| Sprog: | spansk |
| Udgivet: |
Barcelona
Tusquets
1990
|
| Serier: | Marginales, 106
|
| Fag: | |
| Tags: |
Tilføj Tag
Ingen Tags, Vær først til at tagge denne postø!
|
MARC
| LEADER | 00000nam a2200000 a 4500 | ||
|---|---|---|---|
| 001 | UCN2336 | ||
| 003 | CL-VaPUC | ||
| 008 | 010518e19900000SP |||||||||||||||||spa|d | ||
| 082 | 0 | 4 | |a 823 |b BEC |2 21 |
| 100 | 0 | |a Beckett, Samuel |e author |9 458106 | |
| 245 | 1 | 0 | |a Manchas en el silencio |
| 246 | 1 | 3 | |a El mundo y el pantalón |
| 246 | 1 | 3 | |a La imagen |
| 246 | 1 | 0 | |a Fuera todo lo extraño |
| 246 | 1 | 0 | |a Mal visto mal dicho |
| 300 | |a 127 p | ||
| 942 | |c BK | ||
| 945 | |d 20010518 00:00:00 |a vberengu | ||
| 260 | |a Barcelona |b Tusquets |c 1990 | ||
| 500 | |a Escritor irlandés, nació en Dublín; en 1938 se traslada a París, donde permanece hasta el momento de su muerte en 1989 | ||
| 650 | 0 | |a Literatura irlandesa |9 349943 | |
| 650 | 7 | |a PROSAS IRLANDESAS |2 CL-VaPUC |9 449576 | |
| 583 | |a last modification |c 20010518 00:00:00 |k Rodrigo Vera | ||
| 490 | 0 | |a Marginales, 106 | |
| 999 | |c 295443 |d 295441 | ||